000 01123nam a2200229 i 4500
001 185306
003 ES-MaACL
005 20230906222408.0
008 160511s1880 fr |||| | fre d
245 0 0 _aCatalogue illustré du Salon :
_bcontenant deux cents reproductions d'après les dessins originaux des artistes (sections de peinture et de sculpture) /
_cpublié sous la direction de F.-G. Dumas.
250 _aEdition autorisée.
260 _aParis :
_bMotteroz :
_bL. Baschet,
_c[1880?]
300 _a1 vol. (pag. var.) :
_bprincipalmente il. negro ;
_c23 cm.
505 8 _aContiene: Sections de peinture & sculpture: Première série y Deuxième série: dessins, reproductions en fac-similé des principales oeuvres d'après les originiaux exécutés par les artistes eux-mèmes.
611 2 4 _aSalon (Francia) (
_n97º.
_d1880.
_cParis)
_9159545
650 4 _aArte francés-
_yS.XIX-
_vExposiciones.
_9154068
655 7 _2tgfbne
_9193628
_aCatálogos de exposiciones
700 1 _aDumas, François- Guillaume.
_9151849
852 _aES-MaACL
_jF-11790
942 _2udc
999 _c185306
_d185306